000 00206nam a22000857a 4500
008 160912b xxu||||| |||| 00| 0 eng d
100 _9363
_aNCERT
245 _aAims of Education
260 _aNew Delhi
_bNCERT
_c2006
999 _c3022
_d3022